| 000 | 00000nas##2200000za#4500 |
| 001 | 9.514653 |
| 003 | CaOODSP |
| 005 | 20210929082751 |
| 007 | ta |
| 008 | 150406c1992||||xxc|| m #||||f| |0eng|d |
| 040 | |aCaOODSP|beng |
| 043 | |an-cn--- |
| 086 | 1 |aFo29-6E |
| 110 | 1 |aCanada. |bNatural Resources Canada. |bCanadian Forest Service. |
| 245 | 10|aForest pest leaflet / |cIssued by the Pacific Forestry Centre. |
| 260 | |aVictoria - British Columbia : |bNatural Resources Canada. |
| 500 | |aOn cover page: Canada-British Columbia Partnership Agreement on Forest Resource Development: FRDA II. |
| 563 | |aSoftcover |
| 776 | 0#|tForest pest leaflet / |w(CaOODSP)9.506908 |